أصول النظام الإجتماعي في الإسلام / (رقم التسجيلة. 36404)

تفاصيل مارك
000 -الفاتح
عناصر البيانات ثابتة الطول 00812cam a2200181 i 4500
005 - تاريخ ووقت آخر معاملة
حقل ضبط 20251118121716.0
008 - عناصر البيانات ثابتة الطول
عناصر البيانات ثابتة الطول 250721s2001 jo gr 000 0 ara d
082 14 - رقم تصنيف ديوي العشري
رقم التصنيف 210.430134
رقم المادة ع ا ش
100 1# - مدخل رئيسي – اسم شخصي
الاسم الشخصي بن عاشور، محمد الطاهر
علاقة الشخص بالعمل/ دوره مؤلف.
245 10 - بيان العنوان
العنوان أصول النظام الإجتماعي في الإسلام /
بيان المسؤولية تأليف فضيلة العلامة سماحة الإمام محمد الطاهر بن عاشور ؛ قرأه وخرج أحاديثه ووثق شواهده محمد الطاهر بن عاشور.
250 ## - بيان الطبعة
بيان الطبعة الطبعة الأولى.
264 31 - بيانات النشر، التوزيع…إلخ
مكان النشر، التوزيع...إلخ عمان :
اسم الناشر، الموزع...إلخ دار النفائس،
تاريخ النشر، التوزيع...إلخ 2001.
300 ## - الوصف المادي
عدد الوحدات المكونة للوعاء 370 صفحة.
650 17 - مدخل إضافي بالموضوع - مصطلح موضوعي
مصطلح موضوعي أو اسم جغرافي كعنصر مدخل أصول الدين الإسلامي.
650 17 - مدخل إضافي بالموضوع - مصطلح موضوعي
مصطلح موضوعي أو اسم جغرافي كعنصر مدخل العلوم الإسلامية.
942 ## - بيانات إضافية (كوها)
نوع التنصيف Dewey Decimal Classification
نوع المادة (كوها) كتب
المقتنيات
حالة السحب حالة الفقدان مصدر التصنيف حالة التلف غير قابل للإعارة المكتبة الرئيسية المكتبة الحالية موقع الرف تاريخ التزويد الرقم المتسلسل Total Checkouts رقم الإستدعاء الباركود تاريخ آخر ظهور تاريخ الفاتورة نوع المادة (كوها)
    Dewey Decimal Classification     المكتبة المركزية المكتبة المركزية الإعارة 06/07/2004 422742   210.430134 / ع ا ش 422742 28/07/2025 06/07/2004 كتب
    Dewey Decimal Classification     مكتبة أبو علندا العامة مكتبة أبو علندا العامة الإعارة 04/11/2015 422765   210.430134/عاش PLD00362123 28/07/2025 04/11/2015 كتب
    Dewey Decimal Classification     مكتبة الأميرة ايمان العامة مكتبة الأميرة ايمان العامة الإعارة 29/10/2013 422756   210.430134/عاش PLD00284407 28/07/2025 29/10/2013 كتب
    Dewey Decimal Classification     مكتبة الحسن العامة مكتبة الحسن العامة الإعارة 02/04/2019 422761   210.430134/عاش PLD00448064 28/07/2025 02/04/2019 كتب
    Dewey Decimal Classification     مكتبة عدن للأطفال مكتبة عدن للأطفال الإعارة 06/02/2025 1792750   210.430134/عاش PLD00514772 28/07/2025 06/02/2025 كتب
Implemented & Customized by: BBB with SCIT (Smart Chains for Information Technology)

Powered by Koha